Evaluation roots : tracing theorists' views and influences /

Na minha lista:
Detalhes bibliográficos
Outros Autores: Alkin, Marvin C.
Formato: Livro
Publicado em: Thousand Oaks, Calif. : Sage Publications, c2004.
Assuntos:
Acesso em linha:http://www.loc.gov/catdir/toc/ecip048/2003019866.html
http://www.loc.gov/catdir/enhancements/fy0657/2003019866-d.html
http://www.loc.gov/catdir/enhancements/fy0734/2003019866-b.html
Tags: Adicionar Tag
Sem tags, seja o primeiro a adicionar uma tag!

MARC

LEADER 00000cam a22000004a 4500
020 |a 0761928936 (cloth)  |c TZS 101,865.57 
020 |a 0761928944 (pbk.) 
040 |a MUL  |b eng  |e AACR 
082 0 0 |a 001.4 EVA 
245 0 0 |a Evaluation roots :  |b tracing theorists' views and influences /  |c edited by Marvin C. Alkin. 
260 |a Thousand Oaks, Calif. :  |b Sage Publications,  |c c2004. 
300 |a xi, 424 p. :   |c 24 cm. 
504 |a Includes bibliographical references and indexes. 
650 0 |a Evaluation research (Social action programs) 
650 0 |a Social sciences 
700 1 |a Alkin, Marvin C. 
856 4 1 |u http://www.loc.gov/catdir/toc/ecip048/2003019866.html 
856 4 2 |u http://www.loc.gov/catdir/enhancements/fy0657/2003019866-d.html 
856 4 2 |u http://www.loc.gov/catdir/enhancements/fy0734/2003019866-b.html 
942 |c BK 
999 |c 6582  |d 6582